Riconosci il Pokémon - Quiz n°168 - Statistics

Statistiche generali
  • Questo quiz è stato fatto 1 volte
  • Il punteggio medio è 2 su 10
Statistiche sulle risposte
Indizio Risposta % Corretto
Tipo Fuoco / Psico
100%
Stadio evoluzione Prima evoluzione
100%
Altezza 1,5 m
0%
Tasso di cattura 25 (7.7%)
0%
Sesso 50% ♂, 50% ♀
0%
Peso 85,0 kg
0%
Pokémon Armarouge
0%
Abilità Fuocardore; Sottilguscio
0%
Tasso di allevamento Lento
0%
Generazione Nona
0%
Nessun quiz corrispondente trovato
Distribuzione punteggi
Percentuale di utenti per punteggio
Percentile per numero di risposta
I tuoi punteggi nel tempo
Non hai fatto questo quiz